000 00271nam a2200109Ia 4500
008 220204s9999 xx 000 0 und d
082 _a801
_bGIL
100 _aGilmartin, J G
245 0 _aBuilding your vocabulary
260 _aBombay
_bD B Taraporevala
_c1978
942 _cBK
999 _c33086
_d33086